LEADER 01105nam0 2200289 450 001 000031628 005 20170913093807.0 010 $a0-08-021615-3 100 $a20170913d1978----km-y0itay50------ba 101 0 $aeng 102 $aGB 105 $ay-------001yy 200 1 $aIntroductory dynamic oceanography$fby Stephen Pond and George L. Pickard 210 $aOxford [etc.]$cPergamon press$d1978 215 $aXVII, 241 p.$cill.$d25 cm. 225 2 $aPergamon international library of science, technology, engineering and social studies 410 0$12001$aPergamon international library of science, technology, engineering and social studies 500 10$aIntroductory dynamic oceanography$91473897 610 1 $aOceano$aCorrenti 676 $a551.46$v14$9Idrosfera e geologia sottomarina. Oceanografia 700 1$aPickard,$bGeorge Lawson$0602907 701 1$aPond,$bStephen$0630035 801 0$aIT$bUNIPARTHENOPE$c20170913$gREICAT$2UNIMARC 912 $a000031628 951 $aDISAM 551.47/2$bM 1686$cDISAM$d2017 996 $aIntroductory dynamic oceanography$91473897 997 $aUNIPARTHENOPE LEADER 03611nam 22007815 450 001 9910349276903321 005 20251225195113.0 010 $a3-030-31019-1 024 7 $a10.1007/978-3-030-31019-6 035 $a(CKB)4100000009453326 035 $a(DE-He213)978-3-030-31019-6 035 $a(MiAaPQ)EBC5967946 035 $a(PPN)248599747 035 $a(EXLCZ)994100000009453326 100 $a20190917d2019 u| 0 101 0 $aeng 135 $aurnn|008mamaa 181 $ctxt$2rdacontent 182 $cc$2rdamedia 183 $acr$2rdacarrier 200 10$aApplied Computer Sciences in Engineering $e6th Workshop on Engineering Applications, WEA 2019, Santa Marta, Colombia, October 16?18, 2019, Proceedings /$fedited by Juan Carlos Figueroa-García, Mario Duarte-González, Sebastián Jaramillo-Isaza, Alvaro David Orjuela-Cañon, Yesid Díaz-Gutierrez 205 $a1st ed. 2019. 210 1$aCham :$cSpringer International Publishing :$cImprint: Springer,$d2019. 215 $a1 online resource (XVII, 779 p. 391 illus., 301 illus. in color.) 225 1 $aCommunications in Computer and Information Science,$x1865-0937 ;$v1052 300 $aIncludes index. 311 08$a3-030-31018-3 327 $aComputer Science -- Computational Intelligence -- Bioengineering -- Internet of Things -- Power Applications -- Simulation Systems -- Optimization. 330 $aThis volume constitutes the refereed proceedings of the 6th Workshop on Engineering Applications, WEA 2019, held in Santa Marta, Colombia, in October 2019. The 62 revised full papers and 2 short papers presented in this volume were carefully reviewed and selected from 178 submissions. The papers are organized in the following topical sections: computer science; computational intelligence; bioengineering; Internet of things; power applications; simulation systems; optimization. . 410 0$aCommunications in Computer and Information Science,$x1865-0937 ;$v1052 606 $aSoftware engineering 606 $aArtificial intelligence 606 $aComputer science 606 $aComputers, Special purpose 606 $aLogic design 606 $aData protection 606 $aSoftware Engineering 606 $aArtificial Intelligence 606 $aTheory of Computation 606 $aSpecial Purpose and Application-Based Systems 606 $aLogic Design 606 $aData and Information Security 615 0$aSoftware engineering. 615 0$aArtificial intelligence. 615 0$aComputer science. 615 0$aComputers, Special purpose. 615 0$aLogic design. 615 0$aData protection. 615 14$aSoftware Engineering. 615 24$aArtificial Intelligence. 615 24$aTheory of Computation. 615 24$aSpecial Purpose and Application-Based Systems. 615 24$aLogic Design. 615 24$aData and Information Security. 676 $a620.00285 676 $a004 702 $aFigueroa-García$b Juan Carlos$4edt$4http://id.loc.gov/vocabulary/relators/edt 702 $aDuarte-González$b Mario$4edt$4http://id.loc.gov/vocabulary/relators/edt 702 $aJaramillo-Isaza$b Sebastián$4edt$4http://id.loc.gov/vocabulary/relators/edt 702 $aOrjuela-Cañon$b Alvaro David$4edt$4http://id.loc.gov/vocabulary/relators/edt 702 $aDíaz-Gutierrez$b Yesid$4edt$4http://id.loc.gov/vocabulary/relators/edt 801 0$bMiAaPQ 801 1$bMiAaPQ 801 2$bMiAaPQ 906 $aBOOK 912 $a9910349276903321 996 $aApplied Computer Sciences in Engineering$93590103 997 $aUNINA